| 000 | 00583nam a2200181 i 4500 | ||
|---|---|---|---|
| 001 | 84866 | ||
| 003 | ES-MaACL | ||
| 005 | 20230906175127.0 | ||
| 007 | t| | ||
| 008 | 041124s1973 sp ||||1| spa d | ||
| 100 | 1 |
_aJequier, Nicolás. _966326 |
|
| 245 | 1 | 3 |
_aEl desafío industrial japonés / _cNicolás Jequier ; introducción, Henri Rieben ; traducción, Andrés Delgado Amor. |
| 260 |
_aMadrid : _bAguilar, _c[1973] |
||
| 300 |
_aLXXII, 215 p. ; _c22 cm. |
||
| 700 | 1 |
_aRieben, Henri. _997071 |
|
| 700 | 1 |
_aDelgado Amor, Andrés. _943438 |
|
| 852 |
_aES-MaACL _jC-55969 _bR.88710 |
||
| 999 |
_c84866 _d84866 |
||